| 000 | 00684nam a2200217 a 4500 | ||
|---|---|---|---|
| 999 |
_c3880 _d3880 |
||
| 001 | 3880 | ||
| 003 | BD-JhCC | ||
| 005 | 20180307102407.0 | ||
| 008 | 171119s1977 bg |||| |||| 000 0 ben d | ||
| 035 | _a(BD-JhCC) 3880 | ||
| 040 |
_aBD-JhCC _dBD-JhCC |
||
| 041 | _aben | ||
| 082 |
_a398.09 _bCHO 1977 |
||
| 100 | _aচৌধুরী, জীবন | ||
| 245 |
_aপূর্ব-ময়মনসিংহের ছড়া / _cজীবন চৌধুরী, |
||
| 260 |
_aঢাকা : _bবাংলা একাডেমী, _c১৯৭৭. |
||
| 300 |
_a১০৬ পৃ. : _c২১ সেমি. |
||
| 650 |
_aFolk-Rhymes _zMymensingh |
||
| 942 |
_2ddc _cBK |
||